Every Country the USA has been at war with - Statistics

General Stats
  • This quiz has been taken 4,924 times
    4,805 since last reset
  • The average score is 125 of 226
Answer Stats
War Year Answer % Correct
World War 2 1941-1945 French State
99%
American Revolution 1775-1783 United Kingdom
99%
War of 1812 1812-1815 United Kingdom
99%
World War 2 1943-1944 Hellenic State of Greece
97%
World War 2 1943-1944 Italian Social Republic
97%
World War 2 1943-1944 Kingdom of Albania
97%
World War 2 1942-1943 Lokot Autonomy
97%
World War 1 1918 Baltic States
96%
World War 2 1943-1944 Belarusian Central Rada
96%
World War 1 1918 Finland
96%
World War 1 1918 Georgia
96%
World War 2 1941-1944 Government of National Salvation
96%
World War 2 1944-1945 Government of National Unity
96%
World War 2 1941-1945 Independent State of Croatia
96%
World War 1 1918 Lithuania
96%
World War 1 1917-1918 Poland
96%
World War 2 1942-1945 Quisling Regime
96%
World War 2 1941-1945 Reorganized National Government of China
96%
World War 2 1941-1945 Slovak Republic
96%
World War 1 1918 Ukraine
96%
Cortina Wars 1859-1861 Cortinistas
95%
World War 1 1918 Courland And Semigallia
95%
World War 1 1918 Crimea
95%
World War 2 1945 Empire of Vietnam
95%
World War 2 1943-1945 Free India
95%
Garza Revolution 1891-1893 Garzistas
95%
2nd Samoan Civil War 1898-1899 Germany
95%
World War 1 1917-1918 Germany
95%
World War 2 1941-1945 Germany
95%
American Revolution 1776-1783 Hessen Auxiliaries
95%
Las Cuevas War 1875 Mexican Bandits
95%
Texas Revolution 1835-1836 Mexico
95%
Mexican-American War 1846-1848 Mexico
95%
Border War 1910-1919 Mexico
95%
Occupation of Veracruz 1914 Mexico
95%
Quasi-War 1798-1800 France
94%
World War 2 1945 Kingdom of Kampuchea
94%
World War 2 1941-1945 Mengjiang
94%
World War 2 1943-1945 Second Philippine Republic
94%
War of 1812 1814-1815 Spain
94%
Spanish-American War 1898 Spain
94%
World War 2 1943-1945 State of Burma
94%
World War 2 1941-1945 Japan
93%
World War 2 1941-1945 Manchuria
93%
2nd Opium War 1856-1859 China
92%
Boxer Rebellion 1899-1901 China
92%
Korean War 1950-1953 China
92%
Vietnam War 1965-1973 China
92%
Russian Civil War 1918-1920 Far Eastern Republic
92%
Russian Civil War 1918-1920 Russian SFSR
92%
Intervention in Iraq and Syria 2014-Present Al-Qaeda
91%
Intervention in Iraq and Syria 2014-Present ISIS
91%
2nd Intervention in Libya 2015-2019 Islamic State
91%
Iraq War 2003-2011 Al Qaeda
90%
Iraq War 2003-2011 Ba'ath Loyalists
90%
Gulf War Iraqi No-Fly Zone Enforcement 1990-2003 Iraq
90%
Iraq War 2003 Iraq
90%
Iraq War 2003-2011 Islamic State
90%
World War 2 1941-1943 Italy
88%
Vietnam War 1965-1973 North Vietnam
88%
Laotian Civil War 1965-1973 North Vietnam
88%
Cambodian Civil War 1967-1973 North Vietnam
88%
Vietnam War 1965-1973 Viet Cong
88%
Cambodian Civil War 1967-1973 Viet Cong
88%
Afghan War 2001 Afghanistan
86%
Intervention in Lebanon 1982-1984 Iran
83%
Tanker War 1987-1988 Iran
83%
Bay of Pigs 1961 Cuba
82%
Invasion of Grenada 1983 Cuba
82%
Negro Rebellion 1912 Cuban PIC
82%
Afghan War 2001-2021 Al-Qaeda
80%
Afghan War 2001-2021 Islamic State
80%
Libya Bombings 1986 Libya
80%
Intervention in Libya 2011 Libya
80%
Korean War 1950-1953 North Korea
80%
Vietnam War 1965-1973 North Korea
80%
Korean DMZ Conflict 1966-1969 North Korea
80%
Intervention in Lebanon 1982-1984 Syria
80%
Intervention in Iraq and Syria 2014-Present Syria
80%
Intervention in Haiti 1994-1995 Haiti
78%
Occupation of Haiti 1915-1934 Haitian Rebels
78%
Bosnian War 1992-1995 Krajina
78%
Philippine-American War 1899-1902 Philippines
77%
World War 1 1917-1918 Austria-Hungary
76%
Vietnam War 1965-1973 Khmer Rouge
76%
Cambodian Civil War 1967-1973 National United Front of Kampuchea
76%
Intervention in Lebanon 1982-1984 Lebanese National Movement
75%
Lebanon Crisis 1958 Lebanese Opposition
75%
Occupation of the Dominican Republic 1916-1924 Dominican Republic
74%
Invasion of Panama 1989-1990 Panama
74%
Vietnam War 1965-1973 Pathet Lao
74%
Laotian Civil War 1965-1973 Pathet Lao
74%
1st Intervention in the Somali Civil War 1992-1995 Somalia
74%
2nd Intervention in the Somali Civil War 2007- Present Al-Shabaab
73%
Operation Ocean Shield 2009-2016 Somali Pirates
73%
Moro Rebellion 1899-1913 Moro
72%
Bosnian War 1992-1995 Republic of Srpska
70%
Occupation of Nicaragua 1912-1933 Nicaraguan Liberals
69%
Occupation of Nicaragua 1912-1933 Sandinistas
69%
Korean War 1950-1953 Soviet Union
69%
Vietnam War 1965-1973 Soviet Union
69%
Bosnian War 1992-1995 Western Bosnia
69%
Invasion of Grenada 1983 Grenada
64%
World War 2 1941-1944 Hungary
62%
United States Expedition in Korea 1871 Korea
62%
World War 2 1941-1944 Romania
62%
World War 1 1917-1918 Bulgaria
61%
World War 2 1941-1944 Bulgaria
61%
American Civil War 1861-1865 Confederate States
58%
Kosovo War 1998-1999 Yugoslavia
58%
Philippine-American War 1899-1902 Negros Republic
57%
Moro Rebellion 1899-1913 Sulu Sultanate
57%
Philippine-American War 1902-1906 Tagalog Republic
57%
Philippine-American War 1899-1902 Zamboanga Republic
57%
American Revolution 1775-1783 Cherokee
56%
Cherokee-American War 1776-1795 Cherokee
56%
American Civil War 1861-1865 Cherokee
56%
World War 1 1917-1918 Ottoman Empire
56%
World War 2 1941-1945 Siam
55%
Apache Wars 1849-1924 Apache
54%
Yavapi Wars 1861-1875 Apache
54%
Buffalo Hunters War 1876-1877 Apache
54%
Victorio's War 1879-1880 Apache
54%
2nd Samoan Civil War 1898-1899 Samoa
54%
Navajo Wars 1858-1866 Navajo
52%
Dakota War 1862 Sioux
52%
Colorado War 1863-1865 Sioux
52%
Powder River War 1865 Sioux
52%
Red Cloud's War 1866-1868 Sioux
52%
Great Sioux War 1876-1877 Sioux
52%
Pine Ridge Campaign 1890-1891 Sioux
52%
Dominican Civil War 1965-1966 Dominican Constitutionalists
49%
Russian Civil War 1918-1920 Ukrainian SSR
49%
World War 1 1918 Jabal Shammar
48%
1st Seminole War 1817-1818 Seminole
47%
2nd Seminole War 1835-1842 Seminole
47%
3rd Seminole War 1855-1858 Seminole
47%
American Civil War 1861-1865 Seminole
47%
World War 2 1941-1944 Finland
46%
American Civil War 1861-1865 Comanche
43%
Comanche Campaign 1867-1875 Comanche
43%
Red River War 1874-1875 Comanche
43%
Buffalo Hunters War 1876-1877 Comanche
43%
1st Barbary War 1801-1805 Morocco
42%
Colorado War 1863-1865 Cheyenne
40%
Powder River War 1865 Cheyenne
40%
Red Cloud's War 1866-1868 Cheyenne
40%
Comanche Campaign 1867-1875 Cheyenne
40%
Red River War 1874-1875 Cheyenne
40%
Great Sioux War 1876-1877 Cheyenne
40%
Cheyenne War 1878-1879 Cheyenne
40%
Yaqui Wars 1896-1918 Yaqui
38%
Russian Civil War 1918-1920 Communist Mongolia
37%
Russian Civil War 1918-1920 Commune of Estonia
33%
Creek War 1813-1814 Creek
33%
Crazy Snake Rebellion 1909 Creek
33%
Russian Civil War 1918-1920 Latvian SSR
33%
Crow War 1887 Crow
32%
Afghan War 2001-2021 Taliban
32%
Yakima War 1855-1858 Nez Perce
31%
Nez Perce War 1877 Nez Perce
31%
Intervention in Lebanon 1982-1984 Palestine Liberation Organization
31%
Apache Wars 1849-1924 Yavapi
31%
Yavapi Wars 1861-1875 Yavapi
31%
Paiute War 1860 Bannock
30%
Snake War 1864-1868 Bannock
30%
Bannock War 1878 Bannock
30%
Cayuse War 1847-1855 Cayuse
30%
Yakima War 1855-1858 Cayuse
30%
Paiute War 1860 Paiute
30%
Snake War 1864-1868 Paiute
30%
Bannock War 1878 Paiute
30%
Bluff War 1914-1915 Paiute
30%
Last Indian War 1923 Paiute
30%
American Revolution 1775-1783 Iroquois
29%
Arikara War 1823 Arikara
28%
World War 1 1918 Azerbaijan
28%
Modoc War 1872-1873 Modoc
26%
Boxer Rebellion 1899-1901 Boxers
15%
Intervention in Lebanon 1982-1984 Hezbollah
15%
Apache Wars 1849-1924 Ute
12%
White River War 1879 Ute
12%
Bluff War 1914-1915 Ute
12%
Last Indian War 1923 Ute
12%
Utah War 1857-1858 Nauvoo Legion
11%
American Civil War 1861-1865 Choctaw
10%
2nd Barbary War 1815 Algiers
9%
1st Barbary War 1801-1805 Tripolitania
8%
Paiute War 1860 Shoshone
7%
Snake War 1864-1868 Shoshone
7%
Bannock War 1878 Shoshone
7%
Sheepeater Indian War 1879 Shoshone
7%
Colorado War 1863-1865 Arapaho
6%
Powder River War 1865 Arapaho
6%
Red Cloud's War 1866-1868 Arapaho
6%
Comanche Campaign 1867-1875 Arapaho
6%
Red River War 1874-1875 Arapaho
6%
Great Sioux War 1876-1877 Arapaho
6%
American Civil War 1861-1865 Chickasaw
6%
Raid on Harper's Ferry 1859 John Brown's Abolitionists
5%
Comanche Campaign 1867-1875 Kiowa
4%
Red River War 1874-1875 Kiowa
4%
Operation Observant Compass 2011-2017 Lord's Resistance Army
4%
Yavapi Wars 1861-1875 Mohave
4%
Winnebago War 1827 Ho-Chunk
3%
Black Hawk War 1832 Ho-Chunk
3%
Puget Sound War 1855-1856 Nisqually
3%
Black Hawk War 1832 Potawatomi
3%
Puget Sound War 1855-1856 Puyallup
3%
Rogue River Wars 1855-1856 Rogue River People
3%
Tecumseh's WarWar of 1812 1810-1815 Tecumseh's Confederacy
3%
Yakima War 1855-1858 Walla Walla
3%
Yakima War 1855-1858 Yakama
3%
Yavapi Wars 1861-1875 Yuma
3%
Bleeding Kansas 1854-1861 Border Ruffians
2%
Puget Sound War 1855-1856 Haida
2%
Puget Sound War 1855-1856 Klickitat
2%
Puget Sound War 1855-1856 Muckleshoot
2%
American Civil War 1861-1865 Muskogee
2%
World War 1 1918 Northern Caucasus
2%
Yaqui Wars 1896-1918 Opata
2%
Nez Perce War 1877 Palouse
2%
Yaqui Wars 1896-1918 Pima
2%
Puget Sound War 1855-1856 Tlingit
2%
Yakima War 1855-1858 Umatilla
2%
Northwest Indian War 1785-1795 Western Confederacy
1%
No matching quizzes found
Score Distribution
Percent of People with Each Score
Percentile by Number Answered
Your Score History
You have not taken this quiz since the last reset